Samalokam: (Record no. 181558)

000 -LEADER
fixed length control field 00493nam a2200181 4500
020 ## - INTERNATIONAL STANDARD BOOK NUMBER
ISBN 9789398753617
082 ## - DEWEY DECIMAL CLASSIFICATION NUMBER
Classification number M 305.3
Item number SUS/S
245 ## - TITLE STATEMENT
Title Samalokam:
Sub Title genderinekurichoru padapusthakam/
Statement of responsibility, etc by Susie Tharu (ed.)
250 ## - EDITION STATEMENT
Edition statement 2
260 ## - PUBLICATION, DISTRIBUTION, ETC. (IMPRINT)
Place of publication Thiruvananthapuram:
Name of publisher Chintha,
Year of publication 2024.
300 ## - PHYSICAL DESCRIPTION
Number of Pages 216p.
650 ## - SUBJECT ADDED ENTRY--TOPICAL TERM
Topical Term Gender Studies
650 ## - SUBJECT ADDED ENTRY--TOPICAL TERM
Topical Term Social Sciences
700 ## - ADDED ENTRY--PERSONAL NAME
Personal name Susie Tharu (ed.)
700 ## - ADDED ENTRY--PERSONAL NAME
Personal name Suneetha A (ed.)
700 ## - ADDED ENTRY--PERSONAL NAME
Personal name Uma Mahesswari Bhrugubanda (ed.)
942 ## - ADDED ENTRY ELEMENTS (KOHA)
Koha item type Book
Holdings
Withdrawn status Lost status Damaged status Not for loan Permanent Location Current Location Shelving location Date acquired Cost, normal purchase price Full call number Accession Number Price effective from Koha item type
        Sree Sankaracharya University of Sanskrit Sree Sankaracharya University of Sanskrit Stacks 16.05.2026 440.00 M 305.3 SUS/S 108578 16.05.2026 Book